000
00228 a2200109 4500
020
_a
9788418526138
041
_a
spa
100
_a
Ors, Pablo J. d
245
_a
Biografia de la Luz / Pablo d'Ors
942
_c
BK
999
_c
29966
_d
29964
999
_d
29964